| 000 | 00652cab a2200217 4500 | ||
|---|---|---|---|
| 001 | ABS38363 | ||
| 008 | 090401t1987 xxu||||| |||| 00| 0 eng d | ||
| 035 | _a(Sirsi) u10100 | ||
| 041 | _aeng | ||
| 100 | _aWells, D. | ||
| 245 | _aEnd-of-year report | ||
| 260 | _c1987 | ||
| 350 | _a0 | ||
| 490 |
_aContract Journal _v340(5640) 19 November 1987, 14-15(2) |
||
| 520 | _aAssesses contractors` workload performance during the past 12 months and lists the top twenty contractors according to the CJ20 League . | ||
| 650 | _aBUILDING CONTRACTORS | ||
| 650 | _aBUILDING INDUSTRY | ||
| 690 | _aBUILT ENVIRONMENT | ||
| 942 | _n0 | ||
| 948 | _c04/03/1997 | ||
| 999 |
_c6347 _d6347 |
||